[Event "Rheinland Pfalz op Seniors 15th"]
[Site "Neustadt an der Weinstrasse"]
[Date "2017.07.16"]
[Round "2"]
[White "Floerchinger, Peter"]
[Black "Dushatskiy, Fedor"]
[Result "1/2-1/2"]
[WhiteElo "1968"]
[BlackElo "2160"]
[PlyCount "63"]
[EventDate "2017.07.15"]
[EventType "swiss"]
[EventRounds "9"]
[EventCountry "GER"]
[SourceTitle "EXT 2018"]
[Source "ChessBase"]
[SourceDate "2017.10.13"]
[SourceVersion "1"]
[SourceVersionDate "2017.10.13"]
[SourceQuality "1"]

1. d4 f5 2. c4 Nf6 3. Nc3 d6 4. g3 g6 5. Bg2 Bg7 6. Nf3 0-0 7. 0-0 e6 8. Bg5 h6 9. Bxf6 Qxf6 10. e3 c6 11. Qb3 Nd7 12. Rad1 d5 13. cxd5 cxd5 14. Nb5 Qe7 15. Rc1 Kh7 16. Rc3 a6 17. Qa3 Qxa3 18. Rxa3 Nb6 19. Nc7 Ra7 20. Rc3 Nc4 21. b3 b5 22. bxc4 bxc4 23. Nxd5 exd5 24. Nd2 Rd8 25. Rb1 Bf8 26. Rb6 a5 27. a3 Kg7 28. f4 Be7 29. Nf3 Rb7 30. Rxb7 Bxb7 31. Nd2 Ba8 32. Kf2 1/2-1/2

[Event "Rheinland Pfalz op Seniors 13th"]
[Site "Neustadt an der Weinstrasse"]
[Date "2015.07.10"]
[Round "1"]
[White "Floerchinger, Peter"]
[Black "Joniks, Paul"]
[Result "1-0"]
[WhiteElo "1901"]
[BlackElo "1590"]
[PlyCount "73"]
[EventDate "2015.07.10"]
[EventType "swiss"]
[EventRounds "7"]
[EventCountry "GER"]
[SourceTitle "EXT 2019"]
[Source "ChessBase"]
[SourceDate "2018.10.10"]
[SourceVersion "1"]
[SourceVersionDate "2018.10.10"]
[SourceQuality "1"]

1. e4 c5 2. Nf3 d6 3. d4 cxd4 4. Nxd4 Nf6 5. Nc3 Nc6 6. Be2 Qb6 7. Nb3 a6 8. Be3 Qc7 9. 0-0 e6 10. f3 Be7 11. Na4 b5 12. Nb6 Rb8 13. Nxc8 Rxc8 14. a4 b4 15. Bxa6 Ra8 16. Bb5 0-0 17. Qe2 d5 18. Bf2 Bd6 19. Bxc6 Bxh2+ 20. Kh1 Qxc6 21. Kxh2 dxe4 22. Nc5 Qd6+ 23. Kg1 exf3 24. Qxf3 Qe5 25. Nd3 Qb8 26. b3 Ra5 27. Bg3 Qb6+ 28. Qf2 Qb7 29. Be5 Ng4 30. Qf4 f5 31. Rae1 Qe7 32. Bd6 Qa7+ 33. Kh1 Rf6 34. Rf3 g5 35. Qxg5+ Rg6 36. Qd8+ Kg7 37. Qf8# 1-0